| 000 | 00403nam a2200169Ia 4500 | ||
|---|---|---|---|
| 005 | 20140403075030.0 | ||
| 008 | 140130s9999 xx 000 0 und d | ||
| 050 |
_aPZ 7 _b.P1954Ac 2009 |
||
| 245 |
_cPapadementriou, Lisa _aAccidentally fooled |
||
| 260 |
_bScholastic, _c2009 |
||
| 300 |
_a185 p. : _c20 cm. |
||
| 440 | _v1 | ||
| 521 | _aG4 | ||
| 526 | _c610 | ||
| 942 |
_cBK _2lcc |
||
| 999 |
_c40759 _d40759 |
||